000
00303nam a22001337a 4500
020
_a
817826344-0
082
_a
823
_b
SHA/A
100
_a
WILLIAM SHAKESPEAR
245
_a
AS YOU LIKE IT
260
_a
DELHI
_b
ROHAN BOOK COMPANY
_c
2003
300
_a
224
650
_a
MODERN ILLUSTRATED CLASSICS
942
_c
BK
999
_c
276
_d
276